000 00475nam a2200217Ia 4500
001 11656
003 GE_BSU
008 181216s||||||||xx |||||||||||||| ||und||
020 _a0246114177
040 _cGE_BSU
080 _a811.111
100 _aLudlum,Robert.
245 4 _aThe Parsifal Mosaic.
250 _aEdition 1st ed.
260 _aNew York.
260 _bGranada.
260 _c1982.
300 _a630p;25cm.
653 _aThe Parsifal Mosaic.
942 _cBK
999 _c44842
_d44842